| 000 -LEADER |
| fixed length control field |
04201cam a22005775i 4500 |
| 001 - CONTROL NUMBER |
| control field |
11685939 |
| 003 - CONTROL NUMBER IDENTIFIER |
| control field |
ASAB |
| 005 - DATE AND TIME OF LATEST TRANSACTION |
| control field |
20180827062706.0 |
| 006 - FIXED-LENGTH DATA ELEMENTS--ADDITIONAL MATERIAL CHARACTERISTICS |
| fixed length control field |
m d |
| 007 - PHYSICAL DESCRIPTION FIXED FIELD--GENERAL INFORMATION |
| fixed length control field |
cr n |
| 008 - FIXED-LENGTH DATA ELEMENTS--GENERAL INFORMATION |
| fixed length control field |
151126s2015 gw | s |||| 0|eng d |
| 020 ## - INTERNATIONAL STANDARD BOOK NUMBER |
| International Standard Book Number |
0-521-61555-0 |
| 024 7# - OTHER STANDARD IDENTIFIER |
| Standard number or code |
10.1007/978-3-319-23497-7 |
| Source of number or code |
doi |
| 035 ## - SYSTEM CONTROL NUMBER |
| System control number |
(WaSeSS)ssj0001585292 |
| 040 ## - CATALOGING SOURCE |
| Modifying agency |
WaSeSS |
| Transcribing agency |
ASAB |
| 050 #4 - LIBRARY OF CONGRESS CALL NUMBER |
| Classification number |
QH323.5 |
| 050 #4 - LIBRARY OF CONGRESS CALL NUMBER |
| Classification number |
QH324.2-324.25 |
| 072 #7 - SUBJECT CATEGORY CODE |
| Subject category code |
PDE |
| Source |
bicssc |
| 072 #7 - SUBJECT CATEGORY CODE |
| Subject category code |
MAT003000 |
| Source |
bisacsh |
| 082 04 - DEWEY DECIMAL CLASSIFICATION NUMBER |
| Classification number |
570.15118 |
| Edition number |
23 |
| 210 10 - ABBREVIATED TITLE |
| Abbreviated title |
Mathematical Models in Biology |
| 245 00 - TITLE STATEMENT |
| Title |
Mathematical Models in Biology |
| Remainder of title |
an introduction |
| Statement of responsibility, etc. |
Elizabeth S.Allman |
| 246 ## - VARYING FORM OF TITLE |
| Title proper/short title |
mathematical models in biology |
| 250 ## - EDITION STATEMENT |
| Edition statement |
\ |
| 260 ## - PUBLICATION, DISTRIBUTION, ETC. |
| Place of publication, distribution, etc. |
UK |
| Name of publisher, distributor, etc. |
Cambridge University press |
| Date of publication, distribution, etc. |
c2004 |
| 300 ## - PHYSICAL DESCRIPTION |
| Extent |
370 p. |
| 505 0# - FORMATTED CONTENTS NOTE |
| Formatted contents note |
Image segmentation, processing and analysis in microscopy and life science -- Image analysis and classification for high-throughput screening of embryonic stem cells -- Exploiting “mental” images in artificial neural network computation -- Applying design of experiment methodology to PEI toxicity assay on neural progenitor cells -- A design of experiment approach to optimize an image analysis protocol for drug screening -- Computational modeling of miRNA biogenesis -- Tunicate neurogenesis: the case of the SoxB2 missing CNE -- MECP2: a multifunctional protein supporting brain complexity -- DNA barcode classification using general regression neural network with different distance models -- First application of a distance-based outlier approach to detect highly differentiated genomic regions across human populations -- Predicting the metagenomic content using multiple CART trees -- A statistical approach to infer 3D chromatin structure -- Basic exploratory proteins analysis with statistical methods applied on structural features -- Modeling of Protein Surface using Parallel Heterogeneous Architectures. |
| 506 ## - RESTRICTIONS ON ACCESS NOTE |
| Terms governing access |
License restrictions may limit access. |
| 520 ## - SUMMARY, ETC. |
| Summary, etc. |
This book presents an exciting collection of contributions based on the workshop “Bringing Maths to Life” held October 27-29, 2014 in Naples, Italy. The state-of-the art research in biology and the statistical and analytical challenges facing huge masses of data collection are treated in this Work. Specific topics explored in depth surround the sessions and special invited sessions of the workshop and include genetic variability via differential expression, molecular dynamics and modeling, complex biological systems viewed from quantitative models, and microscopy images processing, to name several. In depth discussions of the mathematical analysis required to extract insights from complex bodies of biological datasets, to aid development in the field novel algorithms, methods and software tools for genetic variability, molecular dynamics, and complex biological systems are presented in this book. Researchers and graduate students in biology, life science, and mathematics/statistics will find the content useful as it addresses existing challenges in identifying the gaps between mathematical modeling and biological research. The shared solutions will aid and promote further collaboration between life sciences and mathematics. |
| 650 #0 - SUBJECT ADDED ENTRY--TOPICAL TERM |
| Topical term or geographic name entry element |
Mathematics. |
| 9 (RLIN) |
2200 |
| 650 #0 - SUBJECT ADDED ENTRY--TOPICAL TERM |
| Topical term or geographic name entry element |
Life sciences. |
| 9 (RLIN) |
2201 |
| 650 #0 - SUBJECT ADDED ENTRY--TOPICAL TERM |
| Topical term or geographic name entry element |
Matrix theory. |
| 9 (RLIN) |
2202 |
| 650 #0 - SUBJECT ADDED ENTRY--TOPICAL TERM |
| Topical term or geographic name entry element |
Algebra. |
| 9 (RLIN) |
2203 |
| 650 #0 - SUBJECT ADDED ENTRY--TOPICAL TERM |
| Topical term or geographic name entry element |
Mathematical analysis. |
| 9 (RLIN) |
2204 |
| 650 #0 - SUBJECT ADDED ENTRY--TOPICAL TERM |
| Topical term or geographic name entry element |
Analysis (Mathematics). |
| 9 (RLIN) |
2205 |
| 650 #0 - SUBJECT ADDED ENTRY--TOPICAL TERM |
| Topical term or geographic name entry element |
Biomathematics. |
| 9 (RLIN) |
2206 |
| 650 14 - SUBJECT ADDED ENTRY--TOPICAL TERM |
| Topical term or geographic name entry element |
Mathematics. |
| 9 (RLIN) |
2207 |
| 650 24 - SUBJECT ADDED ENTRY--TOPICAL TERM |
| Topical term or geographic name entry element |
Mathematical and Computational Biology. |
| 9 (RLIN) |
2208 |
| 650 24 - SUBJECT ADDED ENTRY--TOPICAL TERM |
| Topical term or geographic name entry element |
Life Sciences, general. |
| 9 (RLIN) |
2209 |
| 650 24 - SUBJECT ADDED ENTRY--TOPICAL TERM |
| Topical term or geographic name entry element |
Linear and Multilinear Algebras, Matrix Theory. |
| 9 (RLIN) |
2210 |
| 650 24 - SUBJECT ADDED ENTRY--TOPICAL TERM |
| Topical term or geographic name entry element |
Analysis. |
| 9 (RLIN) |
2211 |
| 700 1# - ADDED ENTRY--PERSONAL NAME |
| Personal name |
Zazzu, Valeria. |
| Relator term |
editor. |
| 9 (RLIN) |
2212 |
| 700 1# - ADDED ENTRY--PERSONAL NAME |
| Personal name |
Ferraro, Maria Brigida. |
| Relator term |
editor. |
| 9 (RLIN) |
2213 |
| 700 1# - ADDED ENTRY--PERSONAL NAME |
| Personal name |
Guarracino, Mario R. |
| Relator term |
editor. |
| 9 (RLIN) |
2214 |
| 710 2# - ADDED ENTRY--CORPORATE NAME |
| Corporate name or jurisdiction name as entry element |
SpringerLink (Online service) |
| 9 (RLIN) |
2215 |
| 773 0# - HOST ITEM ENTRY |
| Title |
Springer eBooks |
| 773 #0 - HOST ITEM ENTRY |
| Title |
SpringerLINK ebooks - Mathematics and Statistics (2015) |
| 776 08 - ADDITIONAL PHYSICAL FORM ENTRY |
| Relationship information |
Printed edition: |
| International Standard Book Number |
9783319234960 |
| 910 ## - USER-OPTION DATA (OCLC) |
| User-option data |
Vendor-generated brief record |
| 942 ## - ADDED ENTRY ELEMENTS (KOHA) |
| Source of classification or shelving scheme |
|
| Koha item type |
Book |